| 000 | 00912nas a2200301 4500 | ||
|---|---|---|---|
| 001 | BR2016004476 | ||
| 003 | BR-BrBNA | ||
| 005 | 20231205130700.0 | ||
| 007 | ta | ||
| 008 | 230509b bl.|||p| |||| 00| 00por d | ||
| 040 |
_aBR-BrBNA _bpor _cBiblioteca Nacional de Agricultura |
||
| 041 | _a(Pt) | ||
| 072 | _aF40 | ||
| 100 | 1 | _aRicce, W. da S. | |
| 100 | 1 | _aPadrão, G. de A. | |
| 100 | 1 | _aTrabaquin, K. | |
| 100 | 1 | _aAlves, J.R. | |
| 100 | 1 | _aReiter, J.M.W. | |
| 245 | 1 | _aEstimativas de perdas na agricultura por chuvas excessivas no Alto Vale do Rio Itajaí em 2015 | |
| 650 | _aAGRICULTURA | ||
| 650 | _aPECUÁRIA | ||
| 650 | _aCONDIÇÃO AMBIENTAL | ||
| 650 | _aCHUVA | ||
| 650 | _aPERDA DA PRODUÇÃO | ||
| 773 | 0 |
_tAgropecuária Catarinense (Brazil) _xISSN 0103-0779 _g(May-Aug 2016), v. 29(2) p. 42-45 _wBR2016004476 |
|
| 909 |
_a202311 _bLúcia _c55 _dLúcia Elande |
||
| 942 |
_2AGRIS _n0 _cANA |
||
| 999 |
_c250683 _d250683 |
||